Transactions of the Institute of Indian Geographers. (Record no. 26148)

MARC details
000 -LEADER
fixed length control field 01655cas a2200445 a 4500
001 - CONTROL NUMBER
control field 11252695
005 - DATE AND TIME OF LATEST TRANSACTION
control field 20080626050432.0
008 - FIXED-LENGTH DATA ELEMENTS--GENERAL INFORMATION
fixed length control field 820212c19799999ii fr p 0 a0eng d
010 ## - LIBRARY OF CONGRESS CONTROL NUMBER
LC control number 81910435
016 ## - NATIONAL BIBLIOGRAPHIC AGENCY CONTROL NUMBER
Record control number 101086635
Source DNLM
022 ## - INTERNATIONAL STANDARD SERIAL NUMBER
International Standard Serial Number 0970-9851
025 ## - OVERSEAS ACQUISITION NUMBER
Overseas acquisition number I-E-E-4384
035 ## - SYSTEM CONTROL NUMBER
System control number (OCoLC)ocm08151597
040 ## - CATALOGING SOURCE
Original cataloging agency ICRL
Transcribing agency ICRL
Modifying agency DLC
-- NST
-- DLC
-- NST
-- DLC
-- NST
-- MH
-- MH
-- DNLM
-- OCoLC
-- WaU
042 ## - AUTHENTICATION CODE
Authentication code lc
050 ## - LIBRARY OF CONGRESS CALL NUMBER
Classification number G1
Item number .T717
082 ## - DEWEY DECIMAL CLASSIFICATION NUMBER
Classification number 910.5
210 ## - ABBREVIATED TITLE
Abbreviated title Trans. Inst. Indian Geogr.
222 ## - KEY TITLE
Key title Transactions of the Institute of Indian Geographers
245 ## - TITLE STATEMENT
Title Transactions of the Institute of Indian Geographers.
246 ## - VARYING FORM OF TITLE
Title proper/short title Journal of the Institute of Indian geographers
Date or sequential designation <2006->
260 ## - PUBLICATION, DISTRIBUTION, ETC. (IMPRINT)
Place of publication, distribution, etc Pune :
Name of publisher, distributor, etc Dept. of Geography, University of Poona,
Date of publication, distribution, etc 1979-
300 ## - PHYSICAL DESCRIPTION
Extent v. :
Other physical details ill. ;
Dimensions 24 cm.
310 ## - CURRENT PUBLICATION FREQUENCY
Current publication frequency Semiannual
362 ## - DATES OF PUBLICATION AND/OR SEQUENTIAL DESIGNATION
Dates of publication and/or sequential designation Vol. 1, no. 1 (July l979)-
500 ## - GENERAL NOTE
General note Title from cover.
500 ## - GENERAL NOTE
General note Latest issue consulted: Vol. 28, no. 2 (summer 2006).
590 ## - LOCAL NOTE (RLIN)
Local note SERBIB/SERLOC merged record
650 ## - SUBJECT ADDED ENTRY--TOPICAL TERM
Topical term or geographic name as entry element Geography
Form subdivision Periodicals.
710 ## - ADDED ENTRY--CORPORATE NAME
Corporate name or jurisdiction name as entry element Institute of Indian Geographers.
710 ## - ADDED ENTRY--CORPORATE NAME
Corporate name or jurisdiction name as entry element University of Poona.
Subordinate unit Dept. of Geography.
270 ## - ADDRESS
City Pune
Postal code 411007
906 ## - LOCAL DATA ELEMENT F, LDF (RLIN)
a 7
b cbc
c serials
d 3
e ncip
f 19
g n-oclcserc
942 ## - ADDED ENTRY ELEMENTS (KOHA)
Source of classification or shelving scheme Dewey Decimal Classification
Item type Periodicals
Classification part 910.5
Call number suffix TRA
Serial record 1
Holdings
Withdrawn status Lost status Source of classification or shelving scheme Damaged status Not for loan Collection code Home library Current library Date acquired Total Checkouts Full call number Date last seen Price effective from Koha item type
    Dewey Decimal Classification   Not For Loan Non-fiction D.B.Act.Division D.B.Act.Division 06/05/2009   910.5 TRA 06/05/2009 06/05/2009 Periodicals

© Delhi Public Library
Hit Counter
free hit counter